History Quiz

Random History Quiz

Northern Irish Paramilitary Groups Quiz Stats

 Plays Quiz not verified by Sporcle

Challenge
Share
Tweet
Embed
Score 0/15 Timer 08:00
0 Plays Today
Loyalist/Republican Group % Correct
LoyalistUlster Volunteer Force
84.5%
RepublicanReal Irish Republican Army
84.5%
RepublicanProvisional Irish Republican Army
83.3%
LoyalistUlster Defence Association
75.8%
RepublicanContinuity Irish Republican Army
59.5%
RepublicanIrish National Liberation Army
59.5%
RepublicanOfficial Irish Republican Army
39.3%
LoyalistLoyalist Volunteer Force
33.7%
Loyalist/Republican Group % Correct
LoyalistRed Hand Commandos
29%
LoyalistRed Hand Defenders
15.5%
RepublicanIrish People's Liberation Organisation
11.5%
LoyalistUlster Resistance
10.7%
LoyalistOrange Volunteers
9.9%
RepublicanCumann na mBan
4%
RepublicanFianna Eireann
3.6%

You're not logged in!

Compare scores with friends on all Sporcle quizzes.
OR
Log In

You Might Also Like...

Show Comments

Extras

Top Quizzes Today


Score Distribution

Your Account Isn't Verified!

In order to create a playlist on Sporcle, you need to verify the email address you used during registration. Go to your Sporcle Settings to finish the process.

Report this User

Report this user for behavior that violates our Community Guidelines.

Details: